000 01270cam a2200277 4500
001 ABS68669
008 050119n2004 000 0 eng u
035 _a(Sirsi) u128543
100 _aCollett, A.
245 _aCharity disposal
260 _c2004
490 _aSolicitors' Journal
_v148(48) 17 December 2005, 1448(1)
520 _aDiscusses ss36-39 of the Charities Act 1993. This Act was introduced to reduce the requirement for individual charity commission orders on disposals enforced by the Charities Act 1992. These sections require charity trustees disposal of interest in land either to comply with the self certification requirements and procedures thereby introduced, or to obtain a charity commission order for disposal. Mentions problem areas such as the definition of charity trustees for the purposes of these sections and the identification of the occasions, which ss36-37 apply.
590 _aABS
590 _aABS
650 _aCHARITIES ACT 1993 S36
650 _aCHARITIES ACT 1993 S37
650 _aCHARITIES ACT 1993 S38
650 _aCHARITIES ACT 1993 S39
650 _aCHARITIES ACT 1992
650 _aDISPOSAL OF LAND
650 _aCHARITY LAND
650 _aTRUSTEES
690 _aPROPERTY AND LAND LAW
942 _n0
999 _c118480
_d118480